000 00398nam a2200097Ia 4500
008 180130s9999 xx 000 0 und d
245 _cEllis, Albert
_aRational emotive behavior therapy: a twenty-three-year-old woman guilty about not following her parents' rules
260 _c2014
300 _aBook title: Case studies in psychotherapy--Acession number C19075; pages 59-78
650 _aPSYCHOTHERAPY
999 _c353929
_d353929